000 00479cam a2200181ua 4500
001 2682
008 110907n ii |||gr||||Z||||||eng
040 _cMAIN
082 _a891.4512
100 _aSharma, Basanta kumar,
_eAuthor.
245 1 1 _aEvolution of Assamese comedy
_cby Basanta Kumar Sharma
250 _a1st.
260 _aGuahati:
_bGurukul prakashan,998.
300 _a303p:
_c23cm.
653 _aAssamese drama
653 _aEvolution of Assamese comedy
942 _cBK
999 _c2533
_d2533